000 00673nam a2200217 a 4500
001 BRCA_6884
005 20190320205628.0
008 111111s1917----u--ab#####---#000-0#ebg-#
041 _aeng
044 _au
050 4 _aD600
_b.Z46
_c1917
245 1 0 _aZeppeline über England
_bein Tagebuch
_cvon Vorwort von Bernard H. Ridder
260 _aBroadway, Nueva York
_bDeutschland Library Company
_c1917
300 _a224 p.
_bil., mapas
_c19 cm.
500 _aEstado físico: lomo y cubiertas rotos
500 _aO80
650 1 4 _aPrimera Guerra Mundial
_xOperaciones aéreas
_y1914-1918
_917148
700 1 _aRider, Bernard Herman
_917149
902 _aGFM
942 _2lcc
_cB
999 _c6566
_d6566